| 000 | 00864nam a2200241 a 4500 | ||
|---|---|---|---|
| 001 | 000022674 | ||
| 005 | 20200930021730.0 | ||
| 008 | 101014s1997 es 001 0 spa d | ||
| 020 | _a8423988201 | ||
| 040 |
_aDO-SdBNP _bspa _cBNPHU |
||
| 082 |
_axxxx _bB264z |
||
| 100 | 1 |
_aBaroja, Pío _d1872-1956 _98694 |
|
| 245 | 1 | 0 |
_aZalacaín el aventurero; : _bLas inquietudes de Shanti Andia; El mundo es ansí ; El gran torbellino del mundo / _cPío Baroja. |
| 260 |
_aMadrid, : _bEditorial Espasa Calpe, _c1997. _fHuertas |
||
| 300 |
_a765 p. ; _c22 cm. |
||
| 490 | 1 | _aAntología de la literatura universal | |
| 563 | _aVarias obras empaginadas en páginas continuas | ||
| 740 | 2 | _aLas inquietudes de Shanti Andia | |
| 740 | 2 | _aEl mundo es ansí | |
| 740 | 2 | _aEl gran torbellino del mundo | |
| 830 | 0 |
_aAntología de la literatura universa _946616 |
|
| 049 | _aBNPD | ||
| 999 |
_c22171 _d22171 |
||